000 01956cam a22002651 4500
001 f 20000035
003 DLC
005 20260227111248.0
008 770707m18841887dcudf f000 0 eng c
010 _af 20000035
035 _a(OCoLC)3097807
040 _aU.S. Bureau of Fish. Library
_cTxShA
_dOCoLC
_dDLC
042 _apremarc
050 0 0 _aSH221
_b.G59
100 1 _aGoode, G. Brown
_q(George Brown),
_d1851-1896.
245 1 4 _aThe fisheries and fishery industries of the United States.
_cPrepared through the co-operation of the commissioner of fisheries and the superintendent of the tenth census by George Brown Goode ... and a staff of associates ...
260 _aWashington,
_bGovt. Print. Off.,
_c1884-87.
300 _a8 v. in 7.
_bplates, charts.
_c28 cm.
500 _aAt head of title: U.S. Commission of Fish and Fisheries.
500 _aCommonly known as the Goode report.
505 1 _asec. I. Natural history of useful aquatic animals by G.B. Goode, J.A. Allen, H.W. Elliot, F.W. True, E. Ingersoll, J.A. Ryder, R. Rathbun. 2 v.--sec. II. A geographical review of the fisheries industries and fishing communities for the year 1880, by R.E. Earll, W.A. Wilcox, A.H. Clark, F. Mather, J.W. Collins, M. McDonald, S. Stearns, D.S. Jordan, F.W. True.--sec. III. The fishing grounds of North America, by R. Rathbun, J.W. Collins, D.S. Jordan, T.H. Bean, L. Kumlien, F.W. True.--sec. IV. The fishermen of the United States, by G.B. Goode, J.W. Collins.--sec. V. History and methods of fisheries, by G.B. Goode, J.W. Collins, N.P. Scudder, T.H. Bean, A.H. Clark, R.E. Earll, S. Stearns, F.W. True, M. McDonald, W.A. Wilcox, C.G. Atkins, D.S. Jordan, C.H. Gilbert, L. Kumlien, A.H. Clark, J.T. Brown, H.W. Elliot, J.H. Swan, E. Ingersoll, R. Rathbun. 3 v.
650 0 _aFisheries
_zUnited States.
710 1 _aUnited States.
_bBureau of Fisheries.
740 0 _aGoode report on the fisheries and fishery industries of the United States.
999 _c23246
_d23246